000 00912cam a2200265 4500
001 WB3804-29
008 020130n2002 000 0 eng u
035 _a(Sirsi) u116528
245 _aGive modulation a chance says RICS
260 _c2002
490 _aRICS Press Release
_v(pr016) 29 January 2002 (1)
520 _aRICS says redirecting subsidies away from agricultural production and towards environmental and rural development (modulation) is the only practical way to reduce CAP expenditure, in response to the the Curry Report on the future of farming and food.
590 _aWB
650 _aCAP EXPENDITURE
650 _aMODULATION
650 _aRICS
650 _aCURRY REPORT
650 _aFOOD
650 _aRURAL DEVELOPMENT
650 _aFARMING
650 _aAGRICULTURAL PRODUCTION
650 _aFARMING PRACTICES
690 _aRURAL-FARM BUSINESS MANAGEMENT
942 _n0
999 _c69384
_d69384